000 00562nam a22002177a 4500
003 UA-OsUOA
001 104785
007 ta
008 20140129b un ||||| |||| 00| 0 ukr d
100 _aРадіонов Ю.Д.
090 _a330(477)
_bР15
942 _cSA
040 _aUA-OsUOA
_bukr
_cUA-OsUOA
_dUA-OsUOA
245 _aОцінка ефективності державних видатків
300 _aС.76-88
955 _a0
041 _aukr
080 _a330(477)
773 0 _w104784
650 7 _a330 Економіка взагалі
_2UDC
999 _c391007
_d391007